[Event "ESP-ch U14 rapid"]
[Site "Salobrena"]
[Date "2024.07.21"]
[Round "8"]
[White "Esparza Toni, Angel"]
[Black "Prada Villagrasa, Pau Manel"]
[Result "0-1"]
[WhiteElo "1725"]
[BlackElo "2041"]
[PlyCount "84"]
[EventDate "2024.07.20"]
[EventType "swiss (rapid)"]
[EventRounds "9"]
[EventCountry "ESP"]
[SourceTitle "CB31_2024"]
[SourceDate "2024.07.31"]
[SourceVersion "1"]
[SourceVersionDate "2024.07.31"]
[SourceQuality "1"]

1. e4 e6 2. d4 d5 3. e5 c5 4. c3 Nc6 5. Nf3 Nge7 6. Na3 Nf5 7. Nc2 cxd4 8. cxd4 Be7 9. Be2 Qb6 10. 0-0 0-0 11. a3 Na5 12. b4 Nc4 13. Ne3 Ncxe3 14. Bxe3 Bd7 15. Qb3 a5 16. b5 a4 17. Qb2 f6 18. g4 Nxe3 19. fxe3 f5 20. h3 f4 21. exf4 Rxf4 22. Kg2 Raf8 23. Rfc1 Re4 24. Rc2 Re3 25. Rc3 Re4 26. Rac1 Bd8 27. Bd3 Ref4 28. Be2 Qa5 29. Rc5 Bb6 30. R5c2 Bxb5 31. Rc8 Bxe2 32. Rxf8+ Rxf8 33. Qxe2 Bd8 34. Rb1 b6 35. Qd3 Be7 36. Rc1 b5 37. Rc6 Rb8 38. Rxe6 Qc7 39. Ne1 b4 40. axb4 Rxb4 41. Nc2 Rb2 42. Kg3 Rb3 0-1

[Event "ESP-ch U14 rapid"]
[Site "Salobrena"]
[Date "2024.07.21"]
[Round "9"]
[White "Prada Villagrasa, Pau Manel"]
[Black "Bartolome Benito, Alejandro"]
[Result "1/2-1/2"]
[WhiteElo "2041"]
[BlackElo "1803"]
[PlyCount "67"]
[EventDate "2024.07.20"]
[EventType "swiss (rapid)"]
[EventRounds "9"]
[EventCountry "ESP"]
[SourceTitle "CB31_2024"]
[SourceDate "2024.07.31"]
[SourceVersion "1"]
[SourceVersionDate "2024.07.31"]
[SourceQuality "1"]

1. e4 c5 2. Nf3 Nc6 3. d4 cxd4 4. Nxd4 g6 5. c4 Nf6 6. Nc3 d6 7. Be2 Nxd4 8. Qxd4 Bg7 9. Be3 0-0 10. Qd2 a5 11. 0-0 a4 12. Rad1 Qa5 13. Qc2 Be6 14. Nd5 Nxd5 15. cxd5 Rfc8 16. Qd3 Bd7 17. Bd4 Bxd4 18. Qxd4 Qc5 19. Qd3 Qb4 20. a3 Qb6 21. h3 Ra5 22. Rc1 Rac5 23. Rxc5 Rxc5 24. Rb1 Bb5 25. Qe3 Bxe2 26. Qxe2 Qb3 27. Qd2 Rc2 28. Qa5 Rxb2 29. Rxb2 Qxb2 30. Qd8+ Kg7 31. Qxe7 Qc1+ 32. Kh2 Qf4+ 33. Kg1 Qc1+ 34. Kh2 1/2-1/2

[Event "ESP-ch U14 rapid"]
[Site "Salobrena"]
[Date "2024.07.21"]
[Round "7"]
[White "Prada Villagrasa, Pau Manel"]
[Black "Garigorta Martinez, Ibai"]
[Result "0-1"]
[WhiteElo "2041"]
[BlackElo "1805"]
[PlyCount "68"]
[EventDate "2024.07.20"]
[EventType "swiss (rapid)"]
[EventRounds "9"]
[EventCountry "ESP"]
[SourceTitle "CB31_2024"]
[SourceDate "2024.07.31"]
[SourceVersion "1"]
[SourceVersionDate "2024.07.31"]
[SourceQuality "1"]

1. e4 c5 2. Nf3 Nc6 3. d4 cxd4 4. Nxd4 Nf6 5. Nc3 e5 6. Ndb5 d6 7. Bg5 a6 8. Na3 b5 9. Bxf6 gxf6 10. Nd5 f5 11. g3 Bg7 12. Bg2 0-0 13. c3 fxe4 14. 0-0 f5 15. Nc2 Be6 16. a4 bxa4 17. Rxa4 Ne7 18. Ncb4 a5 19. c4 Rf7 20. Nxe7+ Qxe7 21. Nd5 Qb7 22. Qd2 Qc6 23. Rxa5 Rxa5 24. Qxa5 Qxc4 25. Qd8+ Rf8 26. Ne7+ Kf7 27. Qxd6 Bf6 28. Nc6 Qd5 29. Qc7+ Kg8 30. b4 f4 31. gxf4 exf4 32. Ra1 Kh8 33. Qxf4 Qxc6 34. Ra7 Qc3 0-1

[Event "ESP-ch U14 rapid"]
[Site "Salobrena"]
[Date "2024.07.20"]
[Round "4"]
[White "Vecillas Rey, Daniel"]
[Black "Prada Villagrasa, Pau Manel"]
[Result "1-0"]
[WhiteElo "1762"]
[BlackElo "2041"]
[PlyCount "81"]
[EventDate "2024.07.20"]
[EventType "swiss (rapid)"]
[EventRounds "9"]
[EventCountry "ESP"]
[SourceTitle "CB31_2024"]
[SourceDate "2024.07.31"]
[SourceVersion "1"]
[SourceVersionDate "2024.07.31"]
[SourceQuality "1"]

1. e4 c6 2. d4 d5 3. e5 Bf5 4. h4 h5 5. Bd3 Bxd3 6. Qxd3 e6 7. Bg5 Be7 8. Nf3 Qb6 9. Nbd2 Nd7 10. c4 Bxg5 11. hxg5 Ne7 12. Rb1 Ng6 13. g3 Qa6 14. Qb3 0-0-0 15. a3 Ne7 16. Qc3 Nf5 17. Nh4 Ne7 18. b4 Kb8 19. c5 f6 20. gxf6 gxf6 21. exf6 Nxf6 22. Qb3 Nf5 23. Nxf5 exf5 24. b5 Rhe8+ 25. Kf1 cxb5 26. Qxb5 Qxb5+ 27. Rxb5 Kc7 28. Rb3 Rg8 29. Rf3 Rg5 30. Rf4 Ne4 31. Nf3 Rg6 32. Rxf5 Ra6 33. Rhxh5 Rxa3 34. Ne5 a5 35. Rf7+ Kb8 36. Rhh7 Rb3 37. c6 Nd6 38. c7+ Kc8 39. cxd8Q+ Kxd8 40. Rf8+ Ne8 41. Rd7+ 1-0

[Event "ESP-ch U14 rapid"]
[Site "Salobrena"]
[Date "2023.07.23"]
[Round "9"]
[White "Prada Villagrasa, Pau Manel"]
[Black "Garcia Amelibia, Emilio"]
[Result "1-0"]
[WhiteElo "1924"]
[BlackElo "1542"]
[PlyCount "97"]
[EventDate "2023.07.22"]
[EventType "swiss (rapid)"]
[EventRounds "9"]
[EventCountry "ESP"]
[SourceTitle "EXT 2024"]
[Source "ChessBase"]
[SourceDate "2023.10.10"]
[SourceVersion "1"]
[SourceVersionDate "2023.10.10"]
[SourceQuality "1"]

1. e4 e5 2. Nf3 Nc6 3. d4 exd4 4. Nxd4 Bc5 5. Nb3 Bb6 6. Nc3 d6 7. Qe2 Nf6 8. Bg5 h6 9. Bh4 Be6 10. 0-0-0 Qe7 11. h3 0-0-0 12. f4 Qe8 13. g4 Rg8 14. Bg2 g5 15. fxg5 hxg5 16. Bg3 Ne5 17. Nd4 Bxd4 18. Rxd4 Nfd7 19. Rf1 Nc6 20. Rdd1 Nde5 21. Nd5 Rg6 22. Rfe1 Kb8 23. Kb1 Qh8 24. c4 Nd7 25. Qc2 Nc5 26. Bf2 Ne5 27. Bd4 c6 28. Ne7 Rh6 29. b3 Re8 30. Nf5 Bxf5 31. exf5 Ncd7 32. Qb2 f6 33. Qa3 c5 34. Bc3 Qf8 35. Rd2 Nf7 36. Re6 Nde5 37. Qa4 Rxe6 38. fxe6 Qe7 39. exf7 Nxf7 40. Qb5 a6 41. Qb6 Rh8 42. Bxf6 Qe1+ 43. Kc2 d5 44. Bxd5 Nd8 45. Bxd8 Rh7 46. Qd6+ Ka8 47. Bb6 Rh8 48. Bxb7+ Kxb7 49. Qc7+ 1-0

[Event "ESP-ch U14"]
[Site "Salobrena"]
[Date "2023.07.21"]
[Round "8"]
[White "Prada Villagrasa, Pau Manel"]
[Black "Herrero Pena, Laura"]
[Result "1-0"]
[WhiteElo "1974"]
[BlackElo "1661"]
[PlyCount "119"]
[EventDate "2023.07.17"]
[EventType "swiss"]
[EventRounds "9"]
[EventCountry "ESP"]
[SourceTitle "EXT 2024"]
[Source "ChessBase"]
[SourceDate "2023.10.10"]
[SourceVersion "1"]
[SourceVersionDate "2023.10.10"]
[SourceQuality "1"]

1. e4 c5 2. Nf3 e6 3. d4 cxd4 4. Nxd4 Nc6 5. Nb5 d6 6. Bf4 e5 7. Be3 a6 8. N5c3 Nf6 9. Bc4 Be6 10. Nd5 Bxd5 11. Bxd5 Nxd5 12. Qxd5 Be7 13. Nc3 0-0 14. 0-0-0 Bg5 15. Qxd6 Bxe3+ 16. fxe3 Qg5 17. Nd5 Rac8 18. Kb1 Rfd8 19. Qa3 Kh8 20. Nb6 Rxd1+ 21. Rxd1 Rd8 22. Rd5 Qf6 23. b3 Na7 24. Nd7 Qe6 25. Nxe5 Rc8 26. Qd6 Qxd6 27. Nxf7+ Kg8 28. Nxd6 Rc7 29. Re5 h6 30. Re8+ Kh7 31. e5 Nc6 32. e6 Kg6 33. Rc8 Re7 34. Kb2 Rxe6 35. Nxb7 Ne7 36. Rd8 Kf7 37. Nd6+ Kg6 38. Nc4 Nf5 39. Rd3 Kg5 40. a4 Nh4 41. Rd5+ Kf6 42. g3 Nf5 43. b4 Nxe3 44. Nxe3 Rxe3 45. Rd6+ Kf5 46. Rxa6 Re2 47. b5 Re7 48. b6 Rb7 49. a5 Ke6 50. Ra7 Rb8 51. Rxg7 Ra8 52. b7 Rb8 53. a6 Kd6 54. a7 Rxb7+ 55. Rxb7 Kc6 56. a8Q Kd6 57. Qd8+ Kc6 58. Qd7+ Kc5 59. Rb5+ Kc4 60. Qd5# 1-0

[Event "ESP-ch U14"]
[Site "Salobrena"]
[Date "2023.07.19"]
[Round "4"]
[White "Prada Villagrasa, Pau Manel"]
[Black "Bartolome Benito, Alejandro"]
[Result "0-1"]
[WhiteElo "1974"]
[BlackElo "1664"]
[PlyCount "154"]
[EventDate "2023.07.17"]
[EventType "swiss"]
[EventRounds "9"]
[EventCountry "ESP"]
[SourceTitle "EXT 2024"]
[Source "ChessBase"]
[SourceDate "2023.10.10"]
[SourceVersion "1"]
[SourceVersionDate "2023.10.10"]
[SourceQuality "1"]

1. e4 c5 2. Nf3 Nc6 3. d4 cxd4 4. Nxd4 g6 5. c4 Nf6 6. Nc3 d6 7. Be2 Nxd4 8. Qxd4 Bg7 9. Be3 0-0 10. Qd2 a5 11. 0-0 a4 12. f3 Qa5 13. Rac1 Be6 14. Rfd1 Rfc8 15. Nd5 Qxd2 16. Bxd2 Nxd5 17. cxd5 Bd7 18. Bc3 b5 19. Bxg7 Kxg7 20. a3 f5 21. Kf2 Kf6 22. Ke3 Rc5 23. Kd4 Rac8 24. Rc3 h6 25. Rdc1 Rxc3 26. bxc3 e5+ 27. dxe6 Kxe6 28. Bd3 fxe4 29. fxe4 Rc5 30. Rf1 Rg5 31. g3 d5 32. Re1 dxe4 33. Bxe4 Kd6 34. Rf1 Bf5 35. Bxf5 Rxf5 36. Rxf5 gxf5 37. h4 h5 38. c4 Kc6 39. cxb5+ Kxb5 40. Kd5 Kb6 41. Kc4 Kc6 42. Kb4 Kd5 43. Kxa4 Ke4 44. Kb4 Kf3 45. a4 Kxg3 46. a5 f4 47. a6 f3 48. a7 f2 49. a8Q f1Q 50. Qd8 Qb1+ 51. Ka3 Qc1+ 52. Kb3 Qe3+ 53. Ka2 Qe6+ 54. Ka3 Qg4 55. Qg5 Kh3 56. Kb2 Qxh4 57. Qf5+ Qg4 58. Qd3+ Kh2 59. Kc1 h4 60. Kd2 Qg2+ 61. Kd1 h3 62. Qd6+ Kh1 63. Ke1 h2 64. Qb8 Qf3 65. Qe5 Kg2 66. Qb2+ Kg3 67. Qe5+ Qf4 68. Qc3+ Kg2 69. Qc6+ Kh3 70. Ke2 Qg4+ 71. Kd3 Qd1+ 72. Ke3 Qe1+ 73. Kf4 Qf1+ 74. Ke3 h1Q 75. Qh6+ Kg2 76. Qg5+ Kh2 77. Qh6+ Qh3+ 0-1

[Event "Foment Martinenc op-A 23rd"]
[Site "Barcelona"]
[Date "2023.06.10"]
[Round "8"]
[White "Prada Villagrasa, Pau Manel"]
[Black "Mangues Rubia, Oriol"]
[Result "1-0"]
[WhiteElo "1954"]
[BlackElo "1903"]
[PlyCount "109"]
[EventDate "2023.04.22"]
[EventType "swiss"]
[EventRounds "9"]
[EventCountry "ESP"]
[SourceTitle "EXT 2024"]
[Source "ChessBase"]
[SourceDate "2023.10.10"]
[SourceVersion "1"]
[SourceVersionDate "2023.10.10"]
[SourceQuality "1"]

1. e4 c5 2. Nf3 d6 3. d4 Nf6 4. Nc3 cxd4 5. Nxd4 Nc6 6. Nb3 a6 7. Be2 e6 8. Bg5 Be7 9. Qd2 b5 10. 0-0-0 Bb7 11. Bxf6 gxf6 12. f4 Qb6 13. Kb1 0-0-0 14. Bg4 Kb8 15. Be2 Rc8 16. Rhe1 Rhd8 17. Bg4 Rc7 18. Qe3 Qxe3 19. Rxe3 b4 20. Na4 Bf8 21. Rh3 h6 22. Rhd3 Ne7 23. Nac5 Ng6 24. Nxb7 Kxb7 25. g3 Kb6 26. h4 Rcd7 27. Nd4 d5 28. Nb3 Ne7 29. Kc1 Kc6 30. Nd4+ Kb6 31. Nb3 Kc6 32. exd5+ Rxd5 33. Bf3 Kb6 34. Bxd5 Nxd5 35. f5 Bd6 36. fxe6 fxe6 37. Nd4 Re8 38. Re1 Be5 39. Rg1 Kc5 40. Nf3 Bc7 41. Nd2 Be5 42. Ne4+ Kc6 43. Rf3 Rg8 44. c4 bxc3 45. Nxc3 Nf4 46. Kc2 Rg4 47. gxf4 Rxg1 48. fxe5 f5 49. Rd3 Rg4 50. Rd6+ Kc7 51. Rxe6 Rxh4 52. Rxa6 f4 53. Rf6 Kd7 54. e6+ Ke8 55. Nd5 1-0

[Event "Foment Martinenc op-A 23rd"]
[Site "Barcelona"]
[Date "2023.04.22"]
[Round "1"]
[White "Alvarez Albiol, Daniel"]
[Black "Prada Villagrasa, Pau Manel"]
[Result "1-0"]
[WhiteElo "1670"]
[BlackElo "1954"]
[PlyCount "150"]
[EventDate "2023.04.22"]
[EventType "swiss"]
[EventRounds "9"]
[EventCountry "ESP"]
[SourceTitle "EXT 2024"]
[Source "ChessBase"]
[SourceDate "2023.10.10"]
[SourceVersion "1"]
[SourceVersionDate "2023.10.10"]
[SourceQuality "1"]

1. e4 e6 2. d4 d5 3. Bd3 dxe4 4. Bxe4 Nf6 5. Bf3 c5 6. Ne2 Nc6 7. Be3 cxd4 8. Nxd4 Ne5 9. 0-0 Nxf3+ 10. Qxf3 a6 11. h3 Bd6 12. Nc3 0-0 13. Rad1 Qc7 14. Ne4 Be5 15. c3 Bd7 16. Nxf6+ Bxf6 17. Bf4 e5 18. Bh2 Qc8 19. Nb3 Bc6 20. Qg4 Qxg4 21. hxg4 Rad8 22. Na5 Rd5 23. Nxc6 bxc6 24. Rxd5 cxd5 25. g5 Bxg5 26. Bxe5 Re8 27. Bd4 Re2 28. Rb1 Kf8 29. Kf1 Rc2 30. Ke1 Ke7 31. a4 Ke6 32. b4 Bf6 33. b5 Bxd4 34. cxd4 axb5 35. axb5 Rc7 36. Ke2 Kd6 37. Ke3 g5 38. Rh1 f6 39. g4 Re7+ 40. Kf3 Rg7 41. Rg1 Ke6 42. Ke3 Kf7 43. f4 Ke6 44. f5+ Kd6 45. Kd3 Re7 46. Rb1 Ra7 47. Re1 Ra3+ 48. Kc2 Rg3 49. Re6+ Kc7 50. Rxf6 Rxg4 51. Kc3 Rf4 52. Kb4 g4 53. Kc5 g3 54. b6+ Kd7 55. Rf7+ Ke8 56. b7 Kxf7 57. b8Q g2 58. Qc7+ Kf8 59. Qd8+ Kg7 60. Qg5+ Kf7 61. Qxg2 Rxf5 62. Qh3 Kg6 63. Qg4+ Kf6 64. Qh4+ Kg6 65. Qg3+ Kf6 66. Kd6 h5 67. Qh4+ Kg6 68. Ke6 Rg5 69. Qf4 h4 70. Qxh4 Rf5 71. Qg4+ Rg5 72. Qf4 Kh5 73. Qxg5+ Kxg5 74. Kxd5 Kf6 75. Kd6 Kf7 1-0

[Event "Catalunya-chT Gp2"]
[Site "Barcelona"]
[Date "2023.01.28"]
[Round "2.9"]
[White "Travesset Ribera, Daniel"]
[Black "Prada Villagrasa, Pau Manel"]
[Result "1-0"]
[WhiteElo "2090"]
[BlackElo "2044"]
[PlyCount "89"]
[EventDate "2023.01.21"]
[EventType "team-tourn"]
[EventRounds "7"]
[EventCountry "ESP"]
[SourceTitle "CBM 213 Extra"]
[Source "ChessBase"]
[SourceDate "2023.05.31"]
[SourceVersion "1"]
[SourceVersionDate "2023.05.31"]
[SourceQuality "1"]
[WhiteTeam "Sant Andreu"]
[BlackTeam "Colon Sabadell"]
[WhiteTeamCountry "ESP"]
[BlackTeamCountry "ESP"]

1. Nf3 d5 2. d4 Nf6 3. c4 e6 4. g3 Bb4+ 5. Bd2 Be7 6. Qc2 c6 7. Bg2 Nbd7 8. 0-0 0-0 9. Rd1 b6 10. Bf4 Ba6 11. Nbd2 h6 12. Rac1 c5 13. Qa4 Bb7 14. cxd5 exd5 15. Ne5 Nxe5 16. dxe5 Nh5 17. Nf1 Bg5 18. Bxg5 Qxg5 19. f4 Qg6 20. Qc2 Qxc2 21. Rxc2 Rad8 22. Rcd2 Ba6 23. Bxd5 Kh8 24. Bf3 Rxd2 25. Rxd2 g6 26. Rd7 Ng7 27. Rxa7 Bb5 28. Rb7 Ne6 29. Rxb6 Nd4 30. Kf2 Bc4 31. b3 Be6 32. Be4 c4 33. bxc4 Bxc4 34. Rb4 Rc8 35. Ne3 Bxa2 36. Rxd4 Re8 37. Ra4 Bb3 38. Ra8 Rxa8 39. Bxa8 Kg7 40. Bd5 Ba4 41. Ng4 Bc2 42. Nf6 g5 43. e3 Bb1 44. Ne4 Kg6 45. Nd6 1-0

[Event "Roncana op-A 14th"]
[Site "Santa Eulalia de Roncana"]
[Date "2022.11.26"]
[Round "6"]
[White "Boix Redorta, Roc"]
[Black "Prada Villagrasa, Pau Manel"]
[Result "0-1"]
[WhiteElo "1790"]
[BlackElo "1781"]
[PlyCount "120"]
[EventDate "2022.10.08"]
[EventType "swiss"]
[EventRounds "8"]
[EventCountry "ESP"]
[SourceTitle "EXT 2024"]
[Source "ChessBase"]
[SourceDate "2023.10.10"]
[SourceVersion "1"]
[SourceVersionDate "2023.10.10"]
[SourceQuality "1"]

1. e4 e6 2. d4 d5 3. Nc3 Nf6 4. e5 Nfd7 5. Qg4 h6 6. Nf3 a6 7. Bf4 c5 8. h4 Nc6 9. 0-0-0 c4 10. Bxc4 dxc4 11. d5 exd5 12. Rxd5 Qe7 13. Qg3 Nb6 14. Rhd1 Be6 15. Rd6 Qc7 16. Ne4 Nc8 17. R6d2 Qa5 18. Nd6+ Nxd6 19. exd6 Kd7 20. a3 c3 21. Rd3 cxb2+ 22. Kxb2 b5 23. Bd2 Qb6 24. Be3 Qb7 25. Rc3 Rc8 26. Rxc6 Rxc6 27. Ne5+ Kd8 28. Qf3 Bd7 29. Nxf7+ Kc8 30. Nxh8 Bxd6 31. Rxd6 Rxd6 32. Qf8+ Kc7 33. Bf4 Qd5 34. Bxd6+ Qxd6 35. Qxg7 b4 36. a4 a5 37. Nf7 Qc6 38. Qe5+ Kb6 39. Qd4+ Ka6 40. Ne5 Qf6 41. Qd3+ Kb6 42. Qd4+ Ka6 43. Qc4+ Kb6 44. f4 Bxa4 45. Qd4+ Ka6 46. h5 Bb5 47. g4 Be2 48. Kc1 Qe6 49. f5 Qf6 50. Qe4 Bb5 51. Qa8+ Kb6 52. Qd5 Qg5+ 53. Kb2 Qe3 54. Nd3 Bc6 55. Qc5+ Qxc5 56. Nxc5 Kxc5 57. g5 Be4 58. f6 Kd6 59. gxh6 a4 60. c4 Ke6 0-1

[Event "Roncana op-A 14th"]
[Site "Santa Eulalia de Roncana"]
[Date "2022.11.05"]
[Round "4"]
[White "Paniagua Garcia, Jose Manuel"]
[Black "Prada Villagrasa, Pau Manel"]
[Result "0-1"]
[WhiteElo "2041"]
[BlackElo "1781"]
[PlyCount "78"]
[EventDate "2022.10.08"]
[EventType "swiss"]
[EventRounds "8"]
[EventCountry "ESP"]
[SourceTitle "EXT 2024"]
[Source "ChessBase"]
[SourceDate "2023.10.10"]
[SourceVersion "1"]
[SourceVersionDate "2023.10.10"]
[SourceQuality "1"]

1. e4 e6 2. Qe2 Nf6 3. e5 Nd5 4. Nf3 Nc6 5. d4 Be7 6. c4 Nb6 7. Nc3 0-0 8. h4 d6 9. Bg5 f6 10. exf6 Bxf6 11. Ne4 Nd7 12. Qd2 d5 13. Nc3 Nb6 14. c5 Nd7 15. 0-0-0 b6 16. Bb5 Ne7 17. c6 Nb8 18. Ne5 a6 19. Ba4 b5 20. Bc2 Bxe5 21. dxe5 Nbxc6 22. Qd3 Rf5 23. Qg3 Rf7 24. Ne4 Nf5 25. Qg4 Nxe5 26. Qe2 Qf8 27. g4 Nd6 28. Nxd6 cxd6 29. f4 Rxf4 30. Bxf4 Qxf4+ 31. Kb1 Qxg4 32. Qe3 Nc4 33. Qd3 Qh5 34. Rhg1 Ra7 35. Rg5 Qxh4 36. Rdg1 Rf7 37. R5g4 Qh6 38. Qg3 Qf6 39. Qh3 Qxb2# 0-1

[Event "Barcelona Vila de Grаcia op 16th"]
[Site "Barcelona"]
[Date "2022.11.04"]
[Round "6"]
[White "Prada Villagrasa, Pau Manel"]
[Black "Jovancevic, Jovan"]
[Result "0-1"]
[WhiteElo "1753"]
[BlackElo "2158"]
[PlyCount "118"]
[EventDate "2022.09.30"]
[EventType "swiss"]
[EventRounds "9"]
[EventCountry "ESP"]
[SourceTitle "EXT 2024"]
[Source "ChessBase"]
[SourceDate "2023.10.10"]
[SourceVersion "1"]
[SourceVersionDate "2023.10.10"]
[SourceQuality "1"]

1. e4 c5 2. Nf3 d6 3. d4 cxd4 4. Nxd4 Nf6 5. f3 e5 6. Nb3 d5 7. Bg5 Be6 8. Bb5+ Nc6 9. Bxf6 gxf6 10. Bxc6+ bxc6 11. 0-0 Qb6+ 12. Kh1 h5 13. Qe2 a5 14. a4 d4 15. N1d2 h4 16. h3 Bh6 17. Nc4 Qb4 18. Ncxa5 Rxa5 19. Nxa5 Qxa5 20. Rfb1 Bf8 21. c3 Bb3 22. cxd4 exd4 23. Rc1 c5 24. e5 f5 25. Qd3 Be6 26. Qb5+ Qxb5 27. axb5 Bd5 28. Ra7 Rh6 29. Ra6 Re6 30. f4 Bb7 31. Ra5 Kd7 32. b4 cxb4 33. Rc4 d3 34. Rd4+ Kc7 35. Rxd3 Kb6 36. Ra1 Kxb5 37. Rd7 Be4 38. Rxf7 Bh6 39. Rf1 b3 40. Rf2 Rg6 41. Kg1 Bxf4 42. e6 Be3 43. e7 Rxg2+ 44. Kf1 Rxf2+ 45. Ke1 Bc6 46. e8R Bxe8 47. Rb7+ Bb6 48. Rxb6+ Kxb6 49. Kxf2 b2 50. Kf3 b1Q 51. Kf4 Qe4+ 52. Kg5 f4 53. Kxh4 f3+ 54. Kg3 Qe2 55. Kg4 f2+ 56. Kh4 Qh5+ 57. Kg3 f1Q 58. h4 Ka7 59. Kh2 Qxh4# 0-1

[Event "Roncana op-A 14th"]
[Site "Santa Eulalia de Roncana"]
[Date "2022.10.08"]
[Round "1"]
[White "Prada Villagrasa, Pau Manel"]
[Black "Vicient Calvo, Ramon"]
[Result "1/2-1/2"]
[WhiteElo "1781"]
[BlackElo "2093"]
[PlyCount "52"]
[EventDate "2022.10.08"]
[EventType "swiss"]
[EventRounds "8"]
[EventCountry "ESP"]
[SourceTitle "EXT 2024"]
[Source "ChessBase"]
[SourceDate "2023.10.10"]
[SourceVersion "1"]
[SourceVersionDate "2023.10.10"]
[SourceQuality "1"]

1. e4 e5 2. Nf3 Nc6 3. d4 exd4 4. Nxd4 Nf6 5. Nc3 Bb4 6. Nxc6 bxc6 7. Bd3 d5 8. exd5 cxd5 9. 0-0 0-0 10. Bg5 c6 11. Qf3 Be7 12. h3 h6 13. Bf4 Be6 14. Rad1 Bd6 15. Bxd6 Qxd6 16. Ne2 c5 17. c4 Qb6 18. b3 d4 19. Nf4 Rae8 20. Rfe1 Bc8 21. Nd5 Nxd5 22. Qxd5 Qc7 23. b4 cxb4 24. Qxd4 Qa5 25. Rxe8 Rxe8 26. c5 Qa4 1/2-1/2

[Event "ESP-ch U14 Rapid"]
[Site "Salobrena"]
[Date "2022.07.24"]
[Round "8"]
[White "Gaspar Lopez, Daniel"]
[Black "Prada Villagrasa, Pau Manel"]
[Result "0-1"]
[WhiteElo "1372"]
[BlackElo "1553"]
[PlyCount "72"]
[EventDate "2022.07.23"]
[EventType "swiss (rapid)"]
[EventRounds "9"]
[EventCountry "ESP"]
[SourceTitle "EXT 2023"]
[Source "ChessBase"]
[SourceDate "2022.10.05"]
[SourceVersion "1"]
[SourceVersionDate "2022.10.05"]
[SourceQuality "1"]

1. e4 e6 2. d4 d5 3. Nd2 c5 4. exd5 Qxd5 5. Ngf3 cxd4 6. Bc4 Qd7 7. 0-0 Nf6 8. Nb3 Qc7 9. Bb5+ Bd7 10. Bxd7+ Nbxd7 11. Nbxd4 a6 12. Re1 Be7 13. c3 0-0 14. Qc2 e5 15. Nf5 Bc5 16. Be3 Rfe8 17. Bxc5 Nxc5 18. h3 e4 19. N3d4 Nd3 20. Red1 Rad8 21. f3 Nf4 22. fxe4 Nxe4 23. Re1 Nc5 24. Rad1 g6 25. Nh6+ Kg7 26. Ng4 Rxe1+ 27. Rxe1 Ncd3 28. Re3 Rxd4 29. Qb1 Rd8 30. g3 Nxh3+ 31. Kg2 h5 32. Rxd3 Rxd3 33. Qxd3 hxg4 34. Qd4+ Kg8 35. Qxg4 Qc6+ 36. Kh2 Nf2 0-1

[Event "ESP-ch U14"]
[Site "Salobrena"]
[Date "2022.07.23"]
[Round "9"]
[White "Martin Cabeza, Nicolas"]
[Black "Prada Villagrasa, Pau Manel"]
[Result "0-1"]
[WhiteElo "1702"]
[BlackElo "1898"]
[PlyCount "60"]
[EventDate "2022.07.18"]
[EventType "swiss"]
[EventRounds "9"]
[EventCountry "ESP"]
[SourceTitle "EXT 2023"]
[Source "ChessBase"]
[SourceDate "2022.10.05"]
[SourceVersion "1"]
[SourceVersionDate "2022.10.05"]
[SourceQuality "1"]

1. Nf3 e6 2. g3 d5 3. Bg2 Nf6 4. 0-0 c5 5. d3 Nc6 6. Nbd2 Be7 7. e4 0-0 8. a4 b6 9. Ne1 Bb7 10. c3 Qc7 11. f4 Rad8 12. e5 Nd7 13. Nc2 Ba6 14. Nf3 Na5 15. b4 Nb3 16. Rb1 Nxc1 17. Rxc1 cxb4 18. cxb4 Rc8 19. b5 Bb7 20. d4 Qc3 21. Nd2 Bb4 22. Nb1 Qb2 23. f5 exf5 24. Rxf5 Rc7 25. Bf1 Rfc8 26. Bd3 Qxd4+ 27. Rf2 Qxe5 28. Rf5 Qe6 29. Nd2 Qe3+ 30. Rf2 Qxd3 0-1

[Event "ESP-ch U14 Rapid"]
[Site "Salobrena"]
[Date "2022.07.23"]
[Round "2"]
[White "Prada Villagrasa, Pau Manel"]
[Black "Nieto Foresti, Julian"]
[Result "1/2-1/2"]
[WhiteElo "1553"]
[BlackElo "1368"]
[PlyCount "75"]
[EventDate "2022.07.23"]
[EventType "swiss (rapid)"]
[EventRounds "9"]
[EventCountry "ESP"]
[SourceTitle "EXT 2023"]
[Source "ChessBase"]
[SourceDate "2022.10.05"]
[SourceVersion "1"]
[SourceVersionDate "2022.10.05"]
[SourceQuality "1"]

1. e4 c5 2. Nf3 e6 3. d4 cxd4 4. Nxd4 a6 5. c4 Nf6 6. Nc3 Qc7 7. Be3 Bb4 8. f3 d5 9. Qa4+ Nc6 10. Nxc6 Bxc3+ 11. bxc3 Qxc6 12. Qxc6+ bxc6 13. cxd5 cxd5 14. exd5 Nxd5 15. Bd4 f6 16. Bc4 Bb7 17. Rb1 Bc6 18. 0-0 Kf7 19. Rb3 a5 20. Bb5 Rac8 21. c4 Ne7 22. a4 Bxb5 23. cxb5 Rc4 24. Bf2 Rxa4 25. Rfb1 Rb8 26. b6 Rb7 27. Rc1 Nd5 28. Rb5 Rb4 29. Rxa5 Nxb6 30. Ra6 Nd5 31. Re1 e5 32. Rd6 Ne7 33. Bc5 R4b5 34. Ba3 Nf5 35. Rdd1 Nd4 36. Rd2 Rb1 37. Rxb1 Rxb1+ 38. Kf2 1/2-1/2

[Event "ESP-ch U14 Rapid"]
[Site "Salobrena"]
[Date "2022.07.23"]
[Round "1"]
[White "Sierra Pena, Mario"]
[Black "Prada Villagrasa, Pau Manel"]
[Result "0-1"]
[WhiteElo "1273"]
[BlackElo "1553"]
[PlyCount "136"]
[EventDate "2022.07.23"]
[EventType "swiss (rapid)"]
[EventRounds "9"]
[EventCountry "ESP"]
[SourceTitle "EXT 2023"]
[Source "ChessBase"]
[SourceDate "2022.10.05"]
[SourceVersion "1"]
[SourceVersionDate "2022.10.05"]
[SourceQuality "1"]

1. c4 e6 2. Nf3 d5 3. g3 Nf6 4. Bg2 c5 5. 0-0 Nc6 6. b3 Be7 7. Bb2 0-0 8. e3 b6 9. Nc3 Bb7 10. cxd5 exd5 11. d4 cxd4 12. Nxd4 Nxd4 13. Qxd4 Bc5 14. Qh4 Qe7 15. Rad1 Rad8 16. Rd2 Ne4 17. Qxe7 Bxe7 18. Nxe4 dxe4 19. Rfd1 Rxd2 20. Rxd2 Rd8 21. Rxd8+ Bxd8 22. Kf1 f5 23. Ke2 Kf7 24. f3 exf3+ 25. Bxf3 Ba6+ 26. Kf2 g5 27. Bd5+ Kg6 28. Kf3 g4+ 29. Kf2 h5 30. Be5 h4 31. gxh4 Bxh4+ 32. Kg2 Bd3 33. Bb8 a6 34. Bc7 b5 35. Bb7 Be4+ 36. Bxe4 fxe4 37. Bg3 Be7 38. Kf2 Kf5 39. Ke2 Ke6 40. Kd2 Bb4+ 41. Kc2 Kd5 42. Bf4 a5 43. Bg3 a4 44. Bf4 Be7 45. Kc3 Kc5 46. Bg3 Bf6+ 47. Kc2 Bg5 48. Bf2 Kb4 49. Kb2 Bf6+ 50. Kc2 Ka3 51. bxa4 bxa4 52. Kb1 Bg5 53. Kc2 Kxa2 54. Kc3 Bf6+ 55. Kc4 Kb2 56. Kd5 a3 57. Kxe4 a2 58. Kf4 a1Q 59. Kxg4 Kc2 60. h4 Qe5 61. h5 Qg5+ 62. Kf3 Qxh5+ 63. Ke4 Qe5+ 64. Kf3 Kd3 65. Bg1 Qe4+ 66. Kf2 Bh4+ 67. Kf1 Qf3+ 68. Bf2 Qxf2# 0-1

[Event "ESP-ch U14"]
[Site "Salobrena"]
[Date "2022.07.22"]
[Round "7"]
[White "Prada Villagrasa, Pau Manel"]
[Black "Andres Iniguez, Iker"]
[Result "0-1"]
[WhiteElo "1898"]
[BlackElo "1729"]
[PlyCount "36"]
[EventDate "2022.07.18"]
[EventType "swiss"]
[EventRounds "9"]
[EventCountry "ESP"]
[SourceTitle "EXT 2023"]
[Source "ChessBase"]
[SourceDate "2022.10.05"]
[SourceVersion "1"]
[SourceVersionDate "2022.10.05"]
[SourceQuality "1"]

1. e4 e5 2. Nf3 Nc6 3. Bc4 Bc5 4. c3 Nf6 5. d3 d6 6. 0-0 Bb6 7. a4 a6 8. Nbd2 h6 9. b4 g5 10. Qb3 0-0 11. a5 Ba7 12. h3 Nh5 13. Re1 Nf4 14. Nf1 Qf6 15. Bxf4 Qxf4 16. Ne3 Bxh3 17. Nd5 Qg3 18. Nf6+ Kh8 0-1